000 00319nam a22001217a 4500
040 _cDLC
082 _a297.09
_bJIB
100 _aPori, Allama Aslam Jibraj
_985925
245 _aTarikh e Al-Ummat (Mukammal)
_cAllama Aslam Jibraj Pori
260 _a?
_bDost Associates
_c1996
300 _a684p.;
_bill.
942 _2ddc
_cBK
999 _c587173
_d587173